[Event "POL-chT13 DMP 2 liga corr"]
[Site "Poland"]
[Date "1999.??.??"]
[Round "?"]
[White "Woznica, Miroslaw"]
[Black "Pawlowski, Andrzej"]
[Result "1-0"]
[WhiteElo "2127"]
[BlackElo "1400"]
[PlyCount "65"]
[EventDate "2000.??.??"]
[EventType "team (corr)"]
[EventRounds "14"]
[EventCountry "POL"]
[SourceTitle "Corr 2004"]
[Source "ChessBase"]
[SourceDate "2003.04.28"]
[SourceVersion "3"]
[SourceVersionDate "2003.04.28"]
[SourceQuality "1"]

1. d4 Nf6 2. c4 c5 3. d5 b5 4. cxb5 a6 5. bxa6 Bxa6 6. g3 g6 7. b3 Bg7 8. Bb2 d6 9. Bg2 0-0 10. Nh3 Nbd7 11. 0-0 Qb6 12. Bc3 Rfb8 13. Nd2 Ne8 14. Bxg7 Nxg7 15. Nf4 Ne5 16. Nf3 Nxf3+ 17. Bxf3 Bb7 18. Qd2 Ra3 19. Rfb1 e6 20. b4 c4 21. Qc1 Qa6 22. dxe6 fxe6 23. Bxb7 Rxb7 24. b5 Qa4 25. e4 Rxa2 26. Rxa2 Qxa2 27. Ra1 Qb3 28. Ra8+ Kf7 29. Ne2 e5 30. Nc3 Ne6 31. Qh6 Qxc3 32. Qxh7+ Ng7 33. Qg8+ 1-0